Principles & pratice of education (Record no. 2104)

MARC details
000 -LEADER
fixed length control field 00559cam a2200217ua 4500
001 - CONTROL NUMBER
control field 2239
005 - DATE AND TIME OF LATEST TRANSACTION
control field 20260515113449.0
008 - FIXED-LENGTH DATA ELEMENTS--GENERAL INFORMATION
fixed length control field 110805n ii |||gr||||Z||||||eng
020 ## - INTERNATIONAL STANDARD BOOK NUMBER
International Standard Book Number 81-7096-321-4
040 ## - CATALOGING SOURCE
Transcribing agency MAIN
082 ## - DEWEY DECIMAL CLASSIFICATION NUMBER
Classification number 370.1
100 ## - MAIN ENTRY--PERSONAL NAME
Personal name Bhatia, K. K.,
Dates associated with a name 1983,
245 1# - TITLE STATEMENT
Title Principles & pratice of education
Statement of responsibility, etc. by K. K. Bhatia
250 ## - EDITION STATEMENT
Edition statement 2nd.
260 ## - PUBLICATION, DISTRIBUTION, ETC.
Place of publication, distribution, etc. Ludhiana:
Name of publisher, distributor, etc. Kalyani Publishers.,996.
300 ## - PHYSICAL DESCRIPTION
Extent 144p:
Dimensions 23cm.
653 ## - INDEX TERM--UNCONTROLLED
Uncontrolled term Education
653 ## - INDEX TERM--UNCONTROLLED
Uncontrolled term Principles & pratice of education
700 ## - ADDED ENTRY--PERSONAL NAME
Personal name Purohit, Trinath,
942 ## - ADDED ENTRY ELEMENTS (KOHA)
Koha item type Books
Holdings
Withdrawn status Lost status Damaged status Not for loan Home library Current library Shelving location Date acquired Total checkouts Full call number Barcode Date last seen Copy number Price effective from Koha item type
        Naharkatiya College Library Naharkatiya College Library General stacks 09/19/2020   370.1 | BHA 11415 09/19/2020 1 09/19/2020 Books